Sports Quiz

Random Sports or Football Quiz

Can you name the 48 players on Collingwood's 2012 list? Quiz Stats

 Plays Quiz not verified by Sporcle

Score 0/48 Timer 08:00
0 Plays Today
Guernsey Number Player % Correct
10Scott Pendlebury
93.2%
36Dane Swan
92.4%
32Travis Cloke
91.1%
13Dale Thomas
90.3%
4Alan Didak
89.8%
5Nick Maxwell
88.6%
1Alex Fasolo
86.9%
39Heath Shaw
86%
8Harry O'Brien
83.9%
20Ben Reid
83.9%
16Nathan Brown
83.5%
22Steele Sidebottom
83.1%
17Dayne Beams
82.6%
24Josh Thomas
82.2%
26Ben Johnson
81.8%
18Darren Jolly
81.4%
12Luke Ball
79.7%
11Jarryd Blair
78%
6Tyson Goldsack
76.7%
2Chris Tarrant
75%
34Alan Toovey
75%
21Sharrod Wellingham
73.7%
31Chris Dawes
73.7%
30Brent Macaffer
65.7%
Guernsey Number Player % Correct
35Jamie Elliott
61%
19Cameron Wood
60.2%
9Marty Clarke
59.7%
15Jarrod Witts
58.5%
3Andrew Krakouer
58.1%
23Lachlan Keeffe
58.1%
28Ben Sinclair
58.1%
27Simon Buckley
50.8%
25Tom Young
50.4%
40Paul Seedsman
48.7%
14Luke Rounds
44.1%
33Jackson Paine
39.4%
50Shae McNamara
38.6%
38Peter Yagmoor
37.3%
46Marley Williams
37.3%
37Kirk Ugle
33.5%
48Caolan Mooney
30.5%
29Jonathon Ceglar
30.1%
44Corey Gault
29.7%
45Lachlan Smith
26.3%
43Trent Stubbs
22%
49Paul Cribbin
21.6%
41Daniel Farmer
19.5%
47Michael Hartley
19.5%

You're not logged in!

Compare scores with friends on all Sporcle quizzes.
OR
Log In

Show Comments

Extras

Top Quizzes Today


Score Distribution

Your Account Isn't Verified!

In order to create a playlist on Sporcle, you need to verify the email address you used during registration. Go to your Sporcle Settings to finish the process.

Report this User

Report this user for behavior that violates our Community Guidelines.

Details: